| 000 | 01088nam a2200301 i 4500 | ||
|---|---|---|---|
| 001 | 17998 | ||
| 003 | ES-MaACL | ||
| 005 | 20250831024033.0 | ||
| 007 | t| | ||
| 008 | 010807s2000 sp ||||0| spa j | ||
| 020 | _a84-259-1126-5 | ||
| 040 |
_aM-BN _bspa _cM-BN |
||
| 080 | _a348.581(8=134.2)"15/17" | ||
| 080 | _a322(8=134.2)"15/17" | ||
| 080 | _a348.31(8=134.2)"15/17" | ||
| 100 | 1 |
_aMaqueda Abreu, Consuelo. _976278 |
|
| 245 | 1 | 0 |
_aEstado, Iglesia e Inquisición en Indias _b: un permanente conflicto / _cConsuelo Maqueda Abreu. |
| 260 |
_aMadrid : _bCentro de Estudios Políticos y Constitucionales, _c2000. |
||
| 300 |
_a198 p ; _c22 cm. |
||
| 490 | 1 | _aHistoria de la sociedad política | |
| 504 | _aBibliografía: p. 193-198. | ||
| 650 | 1 | 4 |
_aInquisición- _zAmérica española _913794 |
| 650 | 7 |
_aIglesia y Estado- _zAmérica española _2 _9157352 |
|
| 710 | 2 |
_aCentro de Estudios Políticos y Constitucionales (España) _92666 |
|
| 830 | 0 |
_aHistoria de la sociedad política _9180366 |
|
| 852 |
_aES-MaACL _jL-24810 _bR.130161 |
||
| 999 |
_c17998 _d17998 |
||